[Event "European Rapid 2017"]
[Site "Katowice POL"]
[Date "2017.12.16"]
[Round "5.100"]
[White "Jaroch, Karol"]
[Black "Szmyd, Arkadiusz"]
[Result "0-1"]
[WhiteElo "2252"]
[BlackElo "2101"]
[WhiteFideId "1130609"]
[BlackFideId "1124730"]
[EventDate "2017.12.16"]

1. c4 Nf6 2. g3 c5 3. Bg2 e6 4. Nf3 Be7 5. O-O O-O 6. d4 cxd4 7. Nxd4 Nc6 8. Nc3
a6 9. e4 d6 10. Be3 Qc7 11. Rc1 Rb8 12. h3 Bd7 13. g4 Nxd4 14. Bxd4 Bc6 15. Re1
Nd7 16. b4 Ne5 17. Bf1 Bg5 18. Rc2 Ng6 19. Qf3 e5 20. Be3 Bf4 21. Rd1 f5 22. b5
fxg4 23. Qxg4 Bd7 24. Qh5 Bxe3 25. fxe3 axb5 26. cxb5 Rbc8 27. Rdd2 Qa5 28. Nd5
Rxc2 29. Rxc2 Qe1 30. Qe2 Qg3+ 31. Qg2 Rxf1+ 32. Kxf1 Bxh3 33. Rc8+ Kf7 34. Rc7+
Ke8 35. Qxh3 Qxh3+ 36. Ke2 Qg4+ 37. Kd3 Qd1+ 38. Kc3 Qc1+ 39. Kb4 Qb1+ 40. Ka5
Qxe4 41. Nb6 Qxe3 42. Rxb7 Qa3+ 43. Na4 Nf4 44. Rxg7 Nd5 45. Rg4 h5 46. Rh4 Kd7
47. Rc4 Qxa2 48. Rc6 h4 49. Ra6 Qa3 50. Ra7+ Ke6 51. b6 Qb4+ 52. Ka6 Qxa4+ 53.
Kb7 Nxb6 54. Kxb6 Qxa7+ 0-1

[Event "European Rapid 2017"]
[Site "Katowice POL"]
[Date "2017.12.16"]
[Round "6.1"]
[White "Andriasian, Zaven"]
[Black "Inarkiev, Ernesto"]
[Result "1/2-1/2"]
[WhiteTitle "GM"]
[BlackTitle "GM"]
[WhiteElo "2585"]
[BlackElo "2689"]
[WhiteFideId "13302000"]
[BlackFideId "4162722"]
[EventDate "2017.12.16"]

1. e4 e5 2. Nf3 Nc6 3. Bc4 Bc5 4. O-O Nf6 5. d3 O-O 6. Nbd2 d6 7. c3 a5 8. h3
Ba7 9. Re1 Ne7 10. Nf1 Ng6 11. Ng3 c6 12. d4 exd4 13. Nxd4 Nxe4 14. Nxe4 d5 15.
Bd3 Bxd4 16. cxd4 dxe4 17. Bxe4 Be6 18. Bxg6 hxg6 19. Be3 Qd7 20. a3 f6 21. f3
Kf7 22. Qd2 Rh8 23. Rac1 Rh5 24. Rc5 Bd5 25. Qf2 Qc7 26. Bd2 Rah8 27. Rc3 Re8
28. Rxe8 1/2-1/2

[Event "European Rapid 2017"]
[Site "Katowice POL"]
[Date "2017.12.16"]
[Round "6.2"]
[White "Kovalenko, Igor"]
[Black "Fressinet, Laurent"]
[Result "1-0"]
[WhiteTitle "GM"]
[BlackTitle "GM"]
[WhiteElo "2639"]
[BlackElo "2662"]
[WhiteFideId "14117908"]
[BlackFideId "608742"]
[EventDate "2017.12.16"]

1. e4 e5 2. Nf3 Nc6 3. Nc3 Nf6 4. Bb5 Nd4 5. Bc4 Bc5 6. d3 c6 7. Nxe5 d5 8. exd5
O-O 9. O-O cxd5 10. Bb3 Re8 11. Bf4 b5 12. Re1 Bb7 13. Rc1 Qb6 14. Qd2 a5 15.
Bg5 Nxb3 16. axb3 d4 17. Nb1 Nd5 18. Nd7 Qc6 19. Nxc5 Qxc5 20. Na3 Nc7 21. Bf4
Ne6 22. Bg3 h6 23. h4 f6 24. f3 Qd5 25. Re2 Kf7 26. Rce1 Bc6 27. Kf2 Ra7 28. Nb1
g5 29. hxg5 hxg5 30. Rh1 Kg6 31. Qc1 Rh7 32. Rxh7 Kxh7 33. Nd2 Kg6 34. Qh1 Ng7
35. Rxe8 Bxe8 36. Ke2 Qc5 37. Kd1 Nf5 38. Bf2 a4 39. bxa4 bxa4 40. g4 Ng7 41.
Qe1 Bc6 42. Ne4 Qb6 43. Kc1 Ne6 44. Bg3 Bd5 45. Nxf6 Kxf6 46. Qe5+ Kf7 47. Qxd5
Qb4 48. Qf5+ Ke7 49. Qe4 a3 50. bxa3 Qxa3+ 51. Kd2 Qc3+ 52. Kd1 Qa1+ 53. Ke2 Qc1
54. Qb7+ Kf6 55. Qc6 Qg1 56. Be1 Qg2+ 57. Kd1 Kf7 58. Qd5 Kf6 59. Qf5+ Ke7 60.
Bb4+ 1-0

[Event "European Rapid 2017"]
[Site "Katowice POL"]
[Date "2017.12.16"]
[Round "6.4"]
[White "Dziuba, Marcin"]
[Black "Fedorchuk, Sergey A."]
[Result "1-0"]
[WhiteTitle "GM"]
[BlackTitle "GM"]
[WhiteElo "2584"]
[BlackElo "2648"]
[WhiteFideId "1112953"]
[BlackFideId "14102536"]
[EventDate "2017.12.16"]

1. d4 Nf6 2. c4 e6 3. Nf3 Bb4+ 4. Nbd2 a5 5. a3 Be7 6. e4 d5 7. Qc2 c5 8. cxd5
exd5 9. dxc5 dxe4 10. Nxe4 Nxe4 11. Qxe4 O-O 12. Be3 Nd7 13. Rd1 a4 14. Bd3 g6
15. Qb4 Qc7 16. Rc1 Ra5 17. Bb5 b6 18. Bxd7 Bxc5 19. Bxc8 Bxb4+ 20. axb4 Qxc1+
21. Bxc1 Rxc8 22. bxa5 Rxc1+ 23. Kd2 Rxh1 24. axb6 a3 25. b7 a2 26. b8=Q+ Kg7
27. Qe5+ Kg8 28. Qe8+ Kg7 29. Ne5 a1=Q 30. Qxf7+ Kh6 31. Qf8+ Kh5 32. g4+ Kg5
33. f4+ 1-0

[Event "European Rapid 2017"]
[Site "Katowice POL"]
[Date "2017.12.16"]
[Round "6.5"]
[White "Wojtaszek, Radoslaw"]
[Black "Hracek, Zbynek"]
[Result "1/2-1/2"]
[WhiteTitle "GM"]
[BlackTitle "GM"]
[WhiteElo "2736"]
[BlackElo "2592"]
[WhiteFideId "1118358"]
[BlackFideId "300071"]
[EventDate "2017.12.16"]

1. d4 e6 2. c4 Nf6 3. Nf3 Bb4+ 4. Bd2 a5 5. g3 c5 6. Bg2 cxd4 7. Nxd4 Nc6 8. Bc3
O-O 9. O-O d5 10. cxd5 exd5 11. Bxb4 axb4 12. Nb3 Re8 13. N1d2 Bg4 14. Nf3 Qb6
15. Nfd4 Ne5 1/2-1/2

[Event "European Rapid 2017"]
[Site "Katowice POL"]
[Date "2017.12.16"]
[Round "6.7"]
[White "Potkin, Vladimir"]
[Black "Bednarek, Sylwester"]
[Result "1-0"]
[WhiteTitle "GM"]
[BlackTitle "FM"]
[WhiteElo "2574"]
[BlackElo "2307"]
[WhiteFideId "4131061"]
[BlackFideId "1101811"]
[EventDate "2017.12.16"]

1. c4 Nf6 2. Nc3 c5 3. Nf3 e6 4. e3 b6 5. d4 Bb7 6. d5 exd5 7. cxd5 d6 8. e4 a6
9. a4 g6 10. Bd3 Bg7 11. O-O O-O 12. h3 Nbd7 13. Bf4 Ne8 14. Re1 h6 15. Qd2 g5
16. Bg3 Ne5 17. Be2 Ng6 18. Rad1 Qe7 19. Bc4 Ne5 20. Qe2 Nc7 21. Nxe5 Bxe5 22.
Qh5 Kh7 23. Rf1 Qf6 24. Bxe5 Qxe5 25. f4 gxf4 26. Qh4 Qg5 27. Qxf4 Qxf4 28. Rxf4
f6 29. Rdf1 Ne8 30. Bd3 Kg7 31. Rg4+ Kf7 32. Rh4 Kg7 33. Rf3 Rh8 34. Rg4+ Kf8
35. Ne2 Bc8 36. Rh4 Ra7 37. Nf4 Rg7 38. e5 dxe5 39. Ng6+ Rxg6 40. Bxg6 Nd6 41.
Rxf6+ Ke7 42. Rf2 Bd7 43. Rh5 Bxa4 44. Rxe5+ Kd7 45. Rf6 Rd8 46. Bf5+ Kc7 47.
Rxh6 b5 48. Re7+ Kb6 49. Bd7 c4 50. Rxd6+ Kc5 51. Rxa6 Kxd5 52. h4 Rh8 53. Rg7
Kc5 54. Rg5+ Kb4 55. Bxb5 1-0

[Event "European Rapid 2017"]
[Site "Katowice POL"]
[Date "2017.12.16"]
[Round "6.8"]
[White "Krasenkow, Michal"]
[Black "Chigaev, Maksim"]
[Result "1/2-1/2"]
[WhiteTitle "GM"]
[BlackTitle "GM"]
[WhiteElo "2671"]
[BlackElo "2555"]
[WhiteFideId "1113100"]
[BlackFideId "4108116"]
[EventDate "2017.12.16"]

1. Nf3 Nf6 2. c4 b6 3. Nc3 Bb7 4. d4 e6 5. a3 d5 6. cxd5 Nxd5 7. Qc2 Nxc3 8.
bxc3 c5 9. e4 Nc6 10. Bd3 cxd4 11. cxd4 Rc8 12. Qe2 Be7 13. O-O O-O 14. Bb2 Na5
15. Rad1 Qe8 16. Ne5 Qa4 17. d5 Bf6 18. Bb1 exd5 19. exd5 Nc4 20. Qd3 g6 21.
Nxc4 Bxb2 22. Nxb2 Qa5 23. Nc4 Qa4 24. Nb2 Qa5 25. Qd4 Qxa3 26. Nc4 Qb4 27. Ne3
Qxd4 28. Rxd4 Rfd8 29. d6 Rc5 30. Rfd1 b5 31. Ba2 Kg7 32. Bd5 Bc8 33. Bf3 Be6
34. Ra1 b4 35. Rxb4 Rxd6 36. h4 a5 37. Rb7 Ra6 38. Ra4 h5 39. Be2 Rd6 40. Ra7
Rd2 41. Bf1 Rc1 42. R4xa5 Rb1 43. Ra1 Rbb2 44. f3 Rb3 45. Re1 Rb4 46. g3 Rb3 47.
Ng2 Bd5 48. Re3 Rxg2+ 49. Bxg2 1/2-1/2

[Event "European Rapid 2017"]
[Site "Katowice POL"]
[Date "2017.12.16"]
[Round "6.9"]
[White "Navara, David"]
[Black "Tomczak, Jacek"]
[Result "1-0"]
[WhiteTitle "GM"]
[BlackTitle "GM"]
[WhiteElo "2740"]
[BlackElo "2588"]
[WhiteFideId "309095"]
[BlackFideId "1124668"]
[EventDate "2017.12.16"]

1. c4 Nf6 2. d4 g6 3. g3 Bg7 4. Bg2 d5 5. cxd5 Nxd5 6. e4 Nb6 7. Ne2 Bg4 8. Nbc3
O-O 9. f3 Be6 10. b3 Qc8 11. h4 Rd8 12. h5 Nc6 13. d5 Nb4 14. hxg6 Bxd5 15. exd5
N6xd5 16. gxh7+ Kh8 17. Nxd5 Rxd5 18. Bd2 Nd3+ 19. Kf1 Qe6 20. Nc3 Qb6 21. Qe2
Rd6 22. Rd1 f5 23. Bh6 Bxc3 24. Rxd3 Rad8 25. Rxd6 Qxd6 26. Bf4 Qc5 27. Qc4 Qa5
28. b4 Bxb4 29. Qxb4 Rd1+ 30. Ke2 Re1+ 31. Qxe1 1-0

[Event "European Rapid 2017"]
[Site "Katowice POL"]
[Date "2017.12.16"]
[Round "6.11"]
[White "McShane, Luke J"]
[Black "Mastrovasilis, Dimitrios"]
[Result "1-0"]
[WhiteTitle "GM"]
[BlackTitle "GM"]
[WhiteElo "2640"]
[BlackElo "2582"]
[WhiteFideId "404853"]
[BlackFideId "4202694"]
[EventDate "2017.12.16"]

1. e4 e5 2. Nf3 Nf6 3. Nxe5 d6 4. Nf3 Nxe4 5. Nc3 Nxc3 6. dxc3 Be7 7. Be3 Nc6 8.
Qd2 Be6 9. O-O-O Qd7 10. Kb1 h6 11. h3 O-O-O 12. Nd4 Nxd4 13. Bxd4 Rhg8 14. Be2
c5 15. Be3 Qa4 16. b3 Qa3 17. Bg4 Bf6 18. Qd3 Rge8 19. Rhe1 d5 20. Bf4 Qa5 21.
Bd2 Qb6 22. Qf3 Bxg4 23. Qxg4+ Re6 24. Re3 Kb8 25. Rd3 Ka8 26. Be3 Qc6 27. Qc4
b6 28. Rxd5 Rxd5 29. Rxd5 Rd6 30. Rxd6 Qxd6 31. Qe4+ 1-0

[Event "European Rapid 2017"]
[Site "Katowice POL"]
[Date "2017.12.16"]
[Round "6.12"]
[White "Stocek, Jiri"]
[Black "Ponkratov, Pavel"]
[Result "0-1"]
[WhiteTitle "GM"]
[BlackTitle "GM"]
[WhiteElo "2566"]
[BlackElo "2613"]
[WhiteFideId "304760"]
[BlackFideId "4157800"]
[EventDate "2017.12.16"]

1. d4 Nf6 2. Nf3 c5 3. d5 b5 4. c4 Qa5+ 5. Bd2 b4 6. Bf4 g6 7. Nbd2 Bg7 8. h3 d6
9. Qc2 O-O 10. e4 b3 11. Qxb3 Nxe4 12. Bd3 Nf6 13. O-O Na6 14. Qd1 Nh5 15. Bg5
Bxb2 16. Bxe7 Re8 17. Rb1 Rxe7 18. Rxb2 Nb4 19. Bb1 Ba6 20. Qb3 Rb7 21. Qc3 Nc6
22. Qxa5 Nxa5 23. Rxb7 Nxb7 24. g3 Nf6 25. Rc1 Rb8 26. Rc3 Nd8 27. Rb3 Rb6 28.
Bc2 Bc8 29. Kg2 Kf8 30. Ng5 Nb7 31. g4 h6 32. Nge4 Nxe4 33. Nxe4 Rb4 34. Bd3 f5
35. Nd2 fxg4 36. hxg4 Bxg4 37. Ra3 a5 38. Bxg6 a4 39. Re3 Rb2 40. Ne4 Be2 41.
Ng3 Bxc4 42. Re8+ Kg7 43. Be4 Bxa2 44. Nf5+ Kf7 45. Re6 Rb4 46. Bf3 Kf8 47. Rxh6
Bb1 48. Rf6+ Ke8 49. Nxd6+ Nxd6 50. Rxd6 a3 51. Ra6 a2 52. d6 Rd4 53. Bc6+ Kf7
54. d7 c4 55. Ra5 Ke7 56. f4 c3 57. f5 c2 0-1

[Event "European Rapid 2017"]
[Site "Katowice POL"]
[Date "2017.12.16"]
[Round "6.13"]
[White "Michalik, Peter"]
[Black "Fridman, Daniel"]
[Result "0-1"]
[WhiteTitle "GM"]
[BlackTitle "GM"]
[WhiteElo "2557"]
[BlackElo "2633"]
[WhiteFideId "14907526"]
[BlackFideId "11600454"]
[EventDate "2017.12.16"]

1. e4 e6 2. d4 d5 3. Nd2 c5 4. Ngf3 cxd4 5. Nxd4 Nf6 6. exd5 Qxd5 7. Nb5 Na6 8.
Nc3 Qd8 9. a3 Be7 10. Qf3 Bd7 11. b4 Bc6 12. Qh3 Nc7 13. Bb2 Qd4 14. Nf3 Qf4 15.
Qg3 Nh5 16. Qxf4 Nxf4 17. Ne2 Nxe2 18. Bxe2 O-O 19. Ne5 Ba4 20. c4 f6 21. Ng4 e5
22. Ne3 Rfd8 23. Bc3 Rac8 24. Bg4 Bd7 25. Bxd7 Rxd7 26. Rd1 Rxd1+ 27. Kxd1 Kf7
28. Kc2 b6 29. Rd1 Ke6 30. g4 Ne8 31. Kb3 g6 32. Re1 Kf7 33. g5 Nd6 34. gxf6
Bxf6 35. Rd1 Ke6 36. f3 Bg5 37. Re1 Bxe3 38. Rxe3 Nxc4 39. Re4 b5 40. a4 a6 41.
Rh4 h5 42. Rh3 Kf5 43. Rg3 g5 44. Rg1 Rd8 45. axb5 axb5 46. Ra1 Rd3 47. Ra8 Rxf3
48. Rb8 Nd6 49. Rf8+ Kg4 50. Rxf3 Kxf3 51. Bxe5 Ne4 52. Kc2 Ke3 53. Bb2 g4 0-1

[Event "European Rapid 2017"]
[Site "Katowice POL"]
[Date "2017.12.16"]
[Round "6.14"]
[White "Georgiev, Kiril"]
[Black "Moskalenko, Alexander"]
[Result "0-1"]
[WhiteTitle "GM"]
[BlackTitle "IM"]
[WhiteElo "2623"]
[BlackElo "2522"]
[WhiteFideId "2900017"]
[BlackFideId "4155351"]
[EventDate "2017.12.16"]

1. d4 Nf6 2. Nf3 g6 3. c3 Bg7 4. Bg5 b6 5. Nbd2 Bb7 6. e3 c5 7. Bd3 O-O 8. O-O
Nc6 9. Qe2 d5 10. dxc5 bxc5 11. e4 Qc7 12. Bxf6 dxe4 13. Nxe4 exf6 14. Nxc5 Rae8
15. Qd1 Ba8 16. b4 f5 17. Rc1 Ne5 18. Nxe5 Bxe5 19. h3 Qc6 20. Qf3 Qf6 21. Qe3
Qc6 22. Qf3 Qf6 23. Qe3 Bh2+ 24. Kxh2 Rxe3 25. fxe3 Qe5+ 26. g3 Qxe3 27. Rc2 Re8
28. Rff2 Rd8 29. Bf1 Rd1 30. Bg2 Bxg2 31. Kxg2 Qe1 32. g4 Qh1+ 33. Kg3 Rg1+ 34.
Kf4 Qxh3 35. gxf5 Qxf5+ 36. Ke3 Rg3+ 37. Kd4 Rg4+ 38. Ke3 Qe5+ 39. Kd3 h5 40.
Kd2 Qg5+ 41. Kd3 Qd5+ 42. Ke2 Qc4+ 43. Kd2 Rg3 44. Nb3 Rd3+ 45. Kc1 Rxc3 46. Kb2
Rxc2+ 47. Rxc2 Qxb4 48. Rd2 h4 49. Rd4 Qe7 50. Rd3 Qe2+ 51. Kc3 Qxd3+ 52. Kxd3
h3 0-1

[Event "European Rapid 2017"]
[Site "Katowice POL"]
[Date "2017.12.16"]
[Round "6.15"]
[White "Rodshtein, Maxim"]
[Black "Zwardon, Vojtech"]
[Result "0-1"]
[WhiteTitle "GM"]
[BlackTitle "IM"]
[WhiteElo "2699"]
[BlackElo "2408"]
[WhiteFideId "2806851"]
[BlackFideId "325511"]
[EventDate "2017.12.16"]

1. d4 Nf6 2. c4 e5 3. dxe5 Ng4 4. Bf4 g5 5. Bg3 Bg7 6. Nf3 Nc6 7. Nc3 Ngxe5 8.
Nxe5 Nxe5 9. e3 d6 10. Be2 Be6 11. Rc1 h5 12. h3 h4 13. Bh2 Qd7 14. Ne4 Qc6 15.
f3 g4 16. hxg4 Nxg4 17. Bf4 Bxb2 18. Rb1 Be5 19. Bxe5 dxe5 20. Qb3 Bf5 21. c5
O-O-O 22. Bb5 Qh6 23. Be2 b6 24. cxb6 axb6 25. Qa4 Qxe3 26. Qa8+ Kd7 27. Qa4+
Ke7 28. Qb4+ c5 29. Qb3 Bxe4 30. Qxe3 Nxe3 31. fxe4 Nxg2+ 32. Kf2 Nf4 33. Bc4
Rd4 34. Rhc1 Rh6 35. Kf3 h3 36. Bb5 h2 37. Rh1 Rd2 0-1

[Event "European Rapid 2017"]
[Site "Katowice POL"]
[Date "2017.12.16"]
[Round "6.16"]
[White "Ragger, Markus"]
[Black "Kreisl, Robert"]
[Result "1-0"]
[WhiteTitle "GM"]
[BlackTitle "IM"]
[WhiteElo "2657"]
[BlackElo "2440"]
[WhiteFideId "1610856"]
[BlackFideId "1613880"]
[EventDate "2017.12.16"]

1. e4 Nc6 2. Nf3 d6 3. d4 Nf6 4. c3 e5 5. h3 exd4 6. cxd4 d5 7. e5 Ne4 8. Nc3
Bb4 9. Qb3 Bf5 10. Bb5 O-O 11. O-O Bxc3 12. bxc3 Na5 13. Qb4 b6 14. Ba3 c5 15.
Qb2 Qc7 16. Rac1 f6 17. Qe2 Bd7 18. Bd3 fxe5 19. Nxe5 Rae8 20. Bxe4 dxe4 21.
Nxd7 Qxd7 22. dxc5 Rf6 23. cxb6 axb6 24. c4 Qd3 25. Qxd3 exd3 26. Rfd1 Re2 27.
Rxd3 Rfxf2 28. Rd8+ 1-0

[Event "European Rapid 2017"]
[Site "Katowice POL"]
[Date "2017.12.16"]
[Round "6.17"]
[White "Castellanos Rodriguez, Renier"]
[Black "Neiksans, Arturs"]
[Result "1-0"]
[WhiteTitle "IM"]
[BlackTitle "GM"]
[WhiteElo "2501"]
[BlackElo "2590"]
[WhiteFideId "3404650"]
[BlackFideId "11601388"]
[EventDate "2017.12.16"]

1. d4 f5 2. Nf3 Nf6 3. g3 g6 4. Bg2 Bg7 5. O-O O-O 6. c4 d6 7. Nc3 c6 8. Qb3 Kh8
9. Rd1 Qe8 10. d5 Na6 11. Be3 c5 12. Qc2 h6 13. a3 g5 14. Bd2 Qh5 15. e3 Bd7 16.
Qd3 Ne4 17. Be1 Rad8 18. Rab1 Nc7 19. b4 b6 20. Qc2 e6 21. dxe6 Bxe6 22. Nxe4
fxe4 23. Nd2 Bg4 24. Rdc1 Bf3 25. Nxf3 exf3 26. Bf1 g4 27. Rd1 Be5 28. bxc5 dxc5
29. Rxd8 Rxd8 30. Rd1 Rxd1 31. Qxd1 Qe8 32. Qd3 Qe6 33. Qe4 Bf6 34. Qf4 Ne8 35.
Qxh6+ Kg8 36. Bd3 Ng7 37. Qg6 Kf8 38. a4 Ke7 39. a5 bxa5 40. Bxa5 Qa6 41. Bc3
Ne8 42. Qh7+ Kd6 43. Qg6 Ke7 44. h4 Qa3 45. Qe4+ Kf8 46. Bxf6 Nxf6 47. Qa8+ Ke7
48. Qb7+ Nd7 49. Bf1 Qa1 50. h5 a5 51. Qe4+ Ne5 52. h6 Kf6 53. Qd5 Kg6 54. Qe6+
Kh7 55. Qf6 1-0

[Event "European Rapid 2017"]
[Site "Katowice POL"]
[Date "2017.12.16"]
[Round "6.18"]
[White "Kovalev, Denis"]
[Black "Piorun, Kacper"]
[Result "0-1"]
[WhiteTitle "IM"]
[BlackTitle "GM"]
[WhiteElo "2504"]
[BlackElo "2651"]
[WhiteFideId "14104059"]
[BlackFideId "1130420"]
[EventDate "2017.12.16"]

1. Nf3 d5 2. c4 d4 3. g3 Nc6 4. Bg2 e5 5. O-O Nf6 6. d3 a5 7. e3 Bc5 8. exd4
Bxd4 9. Nxd4 Nxd4 10. h3 O-O 11. Re1 Re8 12. Nc3 Ra6 13. f4 Rae6 14. fxe5 Rxe5
15. Rxe5 Rxe5 16. Bf4 Re8 17. Kh2 Bd7 18. Qf1 Bc6 19. Bxc6 Nxc6 20. Bg5 Ng4+ 21.
hxg4 Qxg5 22. Qf4 Qg6 23. Rf1 Ne5 24. Kh3 Nxd3 25. Qxc7 h5 26. gxh5 Qxh5+ 27.
Kg2 Ne1+ 28. Kg1 Nf3+ 29. Kg2 Ng5 30. Qd7 f6 31. Qd5+ Re6 32. Rh1 Qg6 33. Re1
Qf7 34. Rxe6 Qxe6 35. Qxb7 Qh3+ 36. Kf2 Qf5+ 37. Ke3 Qe5+ 38. Kd2 Qxg3 39. Qc8+
Kh7 40. Qf5+ Kh6 41. Kc2 Nf3 42. Qd5 Qf2+ 43. Kb3 Qb6+ 44. Nb5 Ne5 45. Qh1+ Kg6
46. Qg2+ Kf7 47. Qd5+ Ke7 48. Ka4 g5 49. c5 Qc6 50. Qd6+ Qxd6 51. cxd6+ Kd7 52.
Kxa5 g4 53. Nc3 g3 54. Ne2 g2 55. b4 f5 0-1

[Event "European Rapid 2017"]
[Site "Katowice POL"]
[Date "2017.12.16"]
[Round "6.19"]
[White "Demidov, Mikhail"]
[Black "Skliarov, Viktor"]
[Result "1/2-1/2"]
[WhiteTitle "IM"]
[BlackTitle "IM"]
[WhiteElo "2523"]
[BlackElo "2353"]
[WhiteFideId "4197143"]
[BlackFideId "14106736"]
[EventDate "2017.12.16"]

1. Nf3 Nf6 2. g3 g6 3. b3 Bg7 4. Bb2 O-O 5. Bg2 c5 6. c4 Nc6 7. O-O d6 8. d4
cxd4 9. Nxd4 Bd7 10. Nc3 Nxd4 11. Qxd4 Bc6 12. Nd5 Ne8 13. Qd2 Bxb2 14. Qxb2 Nc7
15. Rac1 Rc8 16. Rfd1 Nxd5 17. cxd5 Bd7 18. Rxc8 Qxc8 19. Rc1 Qb8 20. h4 h5 21.
Qd4 Rc8 22. Rxc8+ Bxc8 23. Qe3 Kf8 24. Bf3 b6 25. Qc3 Kg8 26. Qc6 Bb7 27. Qd7
Kf8 28. Kf1 Qc8 29. Qxc8+ Bxc8 30. e4 Kg7 31. Ke2 Bd7 32. Ke3 Kf6 33. Be2 e5 34.
dxe6 fxe6 35. b4 e5 36. a3 Be6 37. Bd1 d5 38. exd5 Bxd5 39. Bc2 Bf7 40. Ke4 Be6
41. Ba4 Bf7 42. Bc6 Be6 43. Bb5 Bf7 44. Ba6 Bb3 45. Bb7 Be6 46. Bc6 Bb3 47. Bd7
Bc4 48. f3 Bb3 49. g4 hxg4 50. fxg4 Bc2+ 51. Kd5 Bb3+ 52. Ke4 Bc2+ 53. Ke3 Bd1
54. g5+ Ke7 55. Bb5 Bc2 56. Bc4 Bf5 57. Be2 Kf7 58. Bf3 Ke7 59. h5 gxh5 60. Bxh5
Kf8 61. Bf3 Kg7 62. Be4 Kg6 63. Bd5 Kxg5 64. Bc4 Kf6 65. Bd5 Ke7 66. Bc4 Kd6 67.
Bb3 Be6 68. Bc2 Bd5 69. Bd1 Kc6 70. Ba4+ Kd6 71. Bd1 a5 72. Bc2 Bc4 73. Be4 axb4
74. axb4 Bb3 75. Bg6 Kc6 76. Be8+ Kd6 77. Bg6 1/2-1/2

[Event "European Rapid 2017"]
[Site "Katowice POL"]
[Date "2017.12.16"]
[Round "6.20"]
[White "Plat, Vojtech"]
[Black "Janaszak, Dawid"]
[Result "1-0"]
[WhiteTitle "GM"]
[BlackTitle "FM"]
[WhiteElo "2567"]
[BlackElo "2372"]
[WhiteFideId "325740"]
[BlackFideId "1119206"]
[EventDate "2017.12.16"]

1. e4 c5 2. Nf3 Nc6 3. c3 Nf6 4. e5 Nd5 5. d4 cxd4 6. Bc4 Nb6 7. Bb3 d5 8. exd6
e6 9. cxd4 Bxd6 10. Nc3 O-O 11. O-O Bd7 12. Re1 Ne7 13. Ne5 Ng6 14. Ne4 Bc6 15.
Nxc6 bxc6 16. Qh5 Be7 17. Bg5 Nd5 18. Bxe7 Ngxe7 19. Rac1 Rc8 20. Red1 Nf5 21.
Qf3 Qe7 22. Nc3 Qg5 23. Ne4 Qe7 24. g3 Rfd8 25. Nc3 Qf6 26. Ne2 h6 27. Bc2 Nde7
28. Be4 Rd6 29. Qa3 Rcd8 30. Qxa7 e5 31. Rd2 Nxd4 32. Nxd4 Rxd4 33. Rxd4 exd4
34. Qc7 Rc8 35. Qd7 c5 36. Bd3 Qe6 37. Qxe6 fxe6 38. a4 Kf7 39. a5 Nd5 40. a6
Ke7 41. a7 Kd6 42. Ra1 Ra8 43. Ra6+ Kc7 44. Be4 d3 45. Kf1 c4 46. Rxe6 Rxa7 47.
Bxd5 d2 48. Ke2 Ra2 49. Kxd2 1-0

[Event "European Rapid 2017"]
[Site "Katowice POL"]
[Date "2017.12.16"]
[Round "6.21"]
[White "Zorko, Jure"]
[Black "Gajewski, Grzegorz"]
[Result "0-1"]
[WhiteTitle "IM"]
[BlackTitle "GM"]
[WhiteElo "2457"]
[BlackElo "2601"]
[WhiteFideId "14604051"]
[BlackFideId "1116207"]
[EventDate "2017.12.16"]

1. d4 Nf6 2. Nf3 d5 3. Bf4 c5 4. e3 Nc6 5. Nbd2 e6 6. c3 Bd6 7. Bg3 O-O 8. Bb5
Ne7 9. Bd3 Ng6 10. Bxd6 Qxd6 11. h4 b6 12. h5 Ne7 13. Qb1 h6 14. Ne5 Nd7 15. f4
f6 16. Nxd7 Bxd7 17. Nf3 cxd4 18. cxd4 Bb5 19. a3 Bxd3 20. Qxd3 Rac8 21. g4 Nc6
22. Nh4 Rf7 23. O-O Rfc7 24. Rf2 Ne7 25. Ng6 Rc4 26. Raf1 b5 27. Rg2 Qd8 28. Kh2
Nxg6 29. hxg6 Qc7 30. Rff2 a6 31. Kh3 Rc1 32. Rh2 Kf8 33. Rfg2 Ke7 34. f5 e5 35.
Qd2 e4 36. g5 fxg5 37. Kg4 Kf6 38. Qb4 Qd7 39. Rf2 Rg1+ 40. Kh5 g4 41. Rf4 g3
42. Rc2 Rh1+ 43. Kg4 h5+ 44. Kxg3 Rxc2 45. Qf8+ Kg5 46. Qh8 Rhh2 0-1

[Event "European Rapid 2017"]
[Site "Katowice POL"]
[Date "2017.12.16"]
[Round "6.22"]
[White "Sieciechowicz, Marcin"]
[Black "Meskovs, Nikita"]
[Result "1/2-1/2"]
[WhiteTitle "IM"]
[BlackTitle "GM"]
[WhiteElo "2387"]
[BlackElo "2538"]
[WhiteFideId "1130170"]
[BlackFideId "11602740"]
[EventDate "2017.12.16"]

1. d4 Nf6 2. c4 e6 3. Nc3 Bb4 4. e3 O-O 5. Ne2 Re8 6. a3 Bf8 7. d5 a5 8. g3 Na6
9. Bg2 Nc5 10. b3 exd5 11. cxd5 d6 12. O-O Bf5 13. Nd4 Bd3 14. Re1 Qd7 15. Bb2
Ba6 16. b4 axb4 17. axb4 Nd3 18. b5 Nxe1 19. Qxe1 Bxb5 20. Ncxb5 Rxa1 21. Qxa1
Ne4 22. Bxe4 Rxe4 23. Qa8 Re5 24. Qxb7 Qh3 25. Qxc7 Rh5 26. Nf3 Rxd5 27. Nbd4
Rc5 28. Qd8 h6 29. Qh4 Qc8 30. Qe4 Qb8 31. Qb1 Rc7 32. Ne1 Be7 33. Nd3 Bf6 34.
Qd1 Rb7 35. Nc6 Qc7 36. Bxf6 Qxc6 37. Bd4 Qe4 38. h4 Rb5 39. Kh2 Kh7 40. Qc2 Kg8
41. Qc8+ Kh7 42. Qc2 Kg8 43. Ne1 Qb7 44. Qe2 Rb1 45. Qf3 Qc8 46. Nd3 Rb5 47. Nf4
Ra5 48. Qe4 Qd7 49. Nd5 Qe6 50. Qxe6 fxe6 51. Nb4 Kf7 52. Kg2 Ra4 53. Bc3 Ra3
54. Bd2 Rb3 55. Kf3 Rb2 56. Ke2 Rb3 57. Nc2 g6 58. Nd4 Rb2 59. e4 Ra2 60. Nf3
Kf6 61. Kf1 h5 62. Bg5+ Kf7 63. Nd2 Ra4 64. Ke2 e5 65. f3 Ke6 66. Be3 Ra2 67. g4
d5 68. exd5+ Kxd5 69. gxh5 gxh5 70. Kf2 Ke6 71. Kg3 Ra3 72. Bg5 Kf5 73. Ne4 Ra6
74. Kh3 Ra3 75. Ng3+ Kg6 76. Kg2 Ra2+ 77. Kf1 Rb2 78. Ke1 Ra2 79. Bd2 Ra4 80.
Bg5 Ra2 81. Ne4 Kf5 82. Ng3+ Kg6 83. Ne4 Kf5 84. Nd6+ Ke6 85. Nc4 Kf5 86. Nd2
Kg6 87. Ke2 Kf5 88. Kf2 Kg6 89. Kg3 Kf5 90. Nc4 Ra6 91. Bd2 Rg6+ 92. Kf2 Ra6 93.
Ne3+ Ke6 94. Nf1 Ra2 95. Ke2 Ra4 96. Bg5 Ra2+ 97. Ke3 Ra3+ 98. Kf2 Kf5 99. Ne3+
Ke6 100. Ke2 Ra2+ 101. Kf1 Rb2 102. Nd1 Ra2 103. Nf2 Ra3 104. Kg2 Ra2 105. Kg3
Kf5 106. Ne4 Ra6 107. Nc3 Ra3 108. Nb5 Rd3 109. Kf2 e4 110. Be3 exf3 111. Kxf3
Ke5 112. Nc7 Rd7 113. Na6 Rf7+ 114. Kg3 Rg7+ 115. Kh3 Ke4 116. Bg5 Kf5 117. Be3
Re7 118. Bg5 Rg7 119. Bd2 Rd7 120. Bg5 Rg7 121. Bc1 Rg1 122. Bg5 Rxg5 123. hxg5
Kxg5 1/2-1/2